Competency-based human resource management : (Record no. 76050)

MARC details
000 -LEADER
fixed length control field 00731nam a22001937a 4500
005 - DATE AND TIME OF LATEST TRANSACTION
control field 20130607171316.0
010 ## - LCCN (DPL NO)
LC control number ENG-107330
020 ## - INTERNATIONAL STANDARD BOOK NUMBER
International Standard Book Number 9788120347052
Terms of availability 350.00
035 ## - SYSTEM CONTROL NUMBER
System control number EN-90863
037 ## - SOURCE OF ACQUISITION
Source of stock number/acquisition DBAD/PUB
082 ## - DEWEY DECIMAL CLASSIFICATION NUMBER
Classification number 658.3
100 ## - MAIN ENTRY--PERSONAL NAME
Personal name Kandula, Srinivas R.
245 ## - TITLE STATEMENT
Title Competency-based human resource management :
Statement of responsibility, etc by Srinivas R. Kandula
Remainder of title a compelete text with case studies on competency mapping, modelling, assessing and applying /
260 ## - PUBLICATION, DISTRIBUTION, ETC. (IMPRINT)
Place of publication, distribution, etc New Delhi
Name of publisher, distributor, etc PHI Learning
Date of publication, distribution, etc 2013
270 ## - ADDRESS
Address Rimjhim House, 111, Patparganj Industrial Estate
City Delhi
Postal code 110091
300 ## - PHYSICAL DESCRIPTION
Extent xii,312p.:
Dimensions 23cm(pbk)
Other physical details ill.
500 ## - GENERAL NOTE
General note Includes bibliographical references and indexes
942 ## - ADDED ENTRY ELEMENTS (KOHA)
Source of classification or shelving scheme Dewey Decimal Classification
Item type English Books
Call number suffix KAN
Classification part 658.3
Holdings
Withdrawn status Lost status Not for loan Collection code Home library Current library Date acquired Source of acquisition Cost, normal purchase price Full call number Barcode Copy number Cost, replacement price Koha item type
    Not For Loan Non-fiction D.B.Act.Division D.B.Act.Division 24/05/2013 DBAD / PUB 350.00 658.3 KAN EN-90863 1 350.00 English Books

© Delhi Public Library
Hit Counter
free hit counter